000 00327nam a2200121Ia 4500
008 240731s9999 xx 000 0 und d
022 _a1464-0643
245 0 _aEuropean Journal of Work and Organizational Psychology
260 _bRoutledge
856 _uhttps://www.tandfonline.com/loi/pewo20
942 _2ddc
942 _cTFEJ
999 _c76538
_d76538
945 _a1
_bMadushi Gamage
_c1
_dMadushi Gamage